000 00599nam a2200229Ia 4500
003 OSt
005 20220928111530.0
006 a|||||r|||| 00| 0
007 ta
008 220927b |||||||| |||| 00| 0 hin d
024 _a129995
037 _cTextual
040 _aSDCL
_cSDCL
_bhin
041 _2hin
_ahin
082 _aP151:1, 15J8
100 _aR Pishal
_9424111
245 0 _aPrakrat bhashao ka vaiyakaran
260 _aPatna
_bVihar Rashtrabhasha Parishad
_c1958
300 _a852p.
_ccm.
942 _hP151:1, 15J8
_cTEXL
_2CC
999 _c740680
_d740680